Diagnostic imaging in internal medicine / (Record no. 1465)

MARC details
000 -LEADER
fixed length control field 01216cam a2200349 a 4500
001 - CONTROL NUMBER
control field 1897778
003 - CONTROL NUMBER IDENTIFIER
control field OSt
005 - DATE AND TIME OF LATEST TRANSACTION
control field 20150415134011.0
008 - FIXED-LENGTH DATA ELEMENTS--GENERAL INFORMATION
fixed length control field 841215s1985 nyua b 001 0 eng c
010 ## - LIBRARY OF CONGRESS CONTROL NUMBER
LC control number 84028899
020 ## - INTERNATIONAL STANDARD BOOK NUMBER
International Standard Book Number 0070192626
040 ## - CATALOGING SOURCE
Original cataloging agency DNLM/DLC
Transcribing agency DLC
Modifying agency DLC
050 10 - LIBRARY OF CONGRESS CALL NUMBER
Classification number RC78
Item number .E54 1985
060 ## - NATIONAL LIBRARY OF MEDICINE CALL NUMBER
Classification number WN 200 E36d
082 00 - DEWEY DECIMAL CLASSIFICATION NUMBER
Classification number WN 200 E36d 1985
Edition number 19
100 1# - MAIN ENTRY--PERSONAL NAME
Personal name Eisenberg, Ronald L.
9 (RLIN) 3863
245 10 - TITLE STATEMENT
Title Diagnostic imaging in internal medicine /
Statement of responsibility, etc. Ronald L. Eisenberg.
260 ## - PUBLICATION, DISTRIBUTION, ETC. (IMPRINT)
Place of publication, distribution, etc. New York :
Name of publisher, distributor, etc. McGraw-Hill,
Date of publication, distribution, etc. c1985.
300 ## - PHYSICAL DESCRIPTION
Extent xxiv, 1015 p. :
Other physical details ill. ;
Dimensions 29 cm.
500 ## - GENERAL NOTE
General note "Written as a radiographic complement to Harrison's Principles of internal medicine, 10th edition"--Pref.
504 ## - BIBLIOGRAPHY, ETC. NOTE
Bibliography, etc Includes bibliographies and index.
650 #0 - SUBJECT ADDED ENTRY--TOPICAL TERM
Topical term or geographic name as entry element Diagnostic imaging.
9 (RLIN) 3864
650 #0 - SUBJECT ADDED ENTRY--TOPICAL TERM
Topical term or geographic name as entry element Diagnosis, Radioscopic.
9 (RLIN) 3865
650 #0 - SUBJECT ADDED ENTRY--TOPICAL TERM
Topical term or geographic name as entry element Internal medicine.
9 (RLIN) 849
650 #2 - SUBJECT ADDED ENTRY--TOPICAL TERM
Topical term or geographic name as entry element Internal Medicine.
9 (RLIN) 849
650 #2 - SUBJECT ADDED ENTRY--TOPICAL TERM
Topical term or geographic name as entry element Nuclear Magnetic Resonance
General subdivision diagnostic use.
9 (RLIN) 3866
650 #2 - SUBJECT ADDED ENTRY--TOPICAL TERM
Topical term or geographic name as entry element Radiography.
9 (RLIN) 3842
650 #2 - SUBJECT ADDED ENTRY--TOPICAL TERM
Topical term or geographic name as entry element Ultrasonics
General subdivision diagnostic use.
9 (RLIN) 3867
700 1# - ADDED ENTRY--PERSONAL NAME
Personal name Harrison, Tinsley Randolph,
Dates associated with a name 1900-1978.
9 (RLIN) 3868
906 ## - LOCAL DATA ELEMENT F, LDF (RLIN)
a 7
b cbc
c orignew
d 1
e ocip
f 19
g y-gencatlg
942 ## - ADDED ENTRY ELEMENTS (KOHA)
Source of classification or shelving scheme Other/Generic Classification Scheme
Koha item type Short Loan
Holdings
Withdrawn status Lost status Source of classification or shelving scheme Damaged status Not for loan Home library Current library Date acquired Source of acquisition Inventory number Total Checkouts Full call number Barcode Date last seen Price effective from Koha item type
    Other/Generic Classification Scheme     MUST Main Library MUST Main Library 15/04/2015   2000/13896   WN 200 E36d 1985 2015-0983 15/04/2015 15/04/2015 Short Loan